| 000 | 01886nam0a2200325 4500 | ||
|---|---|---|---|
| 001 | RU\NLR\bibl\926274 | ||
| 005 | 20260407112907.0 | ||
| 021 |
_aRU _b2006-2881 _9128 |
||
| 035 | _a(NLR Aleph) 000914525 | ||
| 090 |
_a60787 _c60787 |
||
| 100 | _a20060404d2005 |||y0rusy50 ca | ||
| 101 | 0 | _arus | |
| 102 | _aRU | ||
| 105 | _ay ||||||||| | ||
| 200 | 1 |
_aДиагностика, лечение и профилактика наиболее часто встречающихся заболеваний внутренних органов в практике врача поликлиники _eучебное пособие _e[для студентов, врачей-интернов] _fГос. образоват. учреждение высш. проф. образования "Башк. гос. мед. ун-т Федер. агентства по здравоохранению и социал. развитию" _g[сост.: Низамутдинова Р.С. и др. _gпод ред. проф. А.Я. Крюковой] |
|
| 210 |
_aУфа _cИзд-во ГОУ ВПО "БГМУ Росздрава" _d2005 |
||
| 215 |
_a65 с. _d20 |
||
| 320 | _aБиблиогр.: с. 24 (10 назв.) | ||
| 606 | 1 |
_aВнутренние болезни _jУчебные издания для высших учебных заведений _9953637 _3RU\NLR\auth\6636104 |
|
| 686 | _aР41я73 | ||
| 702 | 1 |
_aНизамутдинова _bР. С. _4220 |
|
| 702 | 1 |
_aКрюкова _bА. Я. _gАнтонина Яковлевна _4340 |
|
| 712 | 0 | 2 |
_4570 _aБашкирский государственный медицинский университет _cУфа _3RU\NLR\AUTH\889941506 _9377846 |
| 801 | 0 |
_aRU _bNLR _c20060404 _grcr |
|
| 801 | 1 |
_aRU _bNLR _c20060404 |
|
| 830 | _aред. по кн., сост. в кат. нет | ||
| 942 | _cBOOK | ||
| 980 | _aNB | ||
| 980 | _aNBR | ||